00528nam a2200169Ia 4500100003400000650001900034942000700053366000700060654001900067245003100086260003400117082001300151300000800164546002300172999001700195952014600212 aRussell/ Lynn D/ Adebiyi/G.A  aThermodynamics cBK f25 athermodynamics aEngineering thermodynamics bOxford Higher Educationc2007 a536bRUS a734 aENGLISHcInfo.Tech c29808d29808 001040708CRCaCRCEbCRCEd2023-03-17eAllied Publishersg371.25i2365 dt 13.03.2014l0o536 RUSp23116r2023-03-17v495.00w0000-00-00yBK